000 00341nam a2200157Ia 4500
003 OSt
005 20240409095257.0
008 170524s9999 xx 000 0 und d
020 _aNIL
022 _2NIL
040 _cIIMT UNIVERSITY
100 _aSHARMA
245 0 _aBUSINESS CORPORATION
260 _aTATA MC GRAW HILL
942 _2ddc
_c02
999 _c2033
_d2033